Chci léčit zvířátka /
Uloženo v:
| Hlavní autor: | |
|---|---|
| Další autoři: | |
| Médium: | E-kniha |
| Jazyk: | Czech |
| Vydáno: |
V Brně :
CPress,
2026
|
| Vydání: | 1. vydání |
| Témata: | |
| Tagy: |
Žádné tagy |
| LEADER | 02093nam a2200517 i 4500 | ||
|---|---|---|---|
| 001 | 302547 | ||
| 003 | CZ PrSKC | ||
| 005 | 20260513063242.0 | ||
| 007 | ta | ||
| 008 | 260422s2026 xr a b f 001 0 cze | ||
| 015 | |a cnb003752133 | ||
| 020 | |a 9788026459828 |q (brožováno) | ||
| 040 | |a OLA001 |b cze |e rda | ||
| 041 | 1 | |a cze |h eng | |
| 072 | 7 | |a 636.09 |x Veterinární lékařství |2 Konspekt | |
| 072 | 7 | |a 0/9-053.2 |x Literatura pro děti a mládež (naučná) |2 Konspekt | |
| 080 | |a 636.09 |2 MRF | ||
| 080 | |a (0.053.2) |2 MRF | ||
| 080 | |a (0.062) |2 MRF | ||
| 100 | 1 | |a Claybourne, Anna, |d 1969- |7 xx0071345 |4 aut | |
| 240 | 1 | 0 | |a I can be an incredible vet. |l Česky |
| 245 | 1 | 0 | |a Chci léčit zvířátka / |c Anna Claybourne ; z anglického originálu I can be an incredible vet ... přeložil Dalibor Kumr |
| 250 | |a 1. vydání | ||
| 264 | 1 | |a V Brně : |b CPress, |c 2026 | |
| 300 | |a 64 stran : |b barevné ilustrace ; |c 26 cm | ||
| 336 | |a text |b txt |2 rdacontent | ||
| 336 | |a statický obraz |b sti |2 rdacontent | ||
| 337 | |a bez média |b n |2 rdamedia | ||
| 338 | |a svazek |b nc |2 rdacarrier | ||
| 500 | |a Terminologický slovník | ||
| 500 | |a Obsahuje rejstřík | ||
| 521 | 8 | |a Pro čtenáře od 7 let | |
| 650 | 0 | 7 | |a veterinární lékařství |7 ph116568 |2 czenas |
| 650 | 0 | 9 | |a veterinary medicine |2 eczenas |
| 655 | 7 | |a publikace pro děti |7 fd133156 |2 czenas | |
| 655 | 7 | |a populárně-naučné publikace |7 fd131864 |2 czenas | |
| 655 | 9 | |a children's literature |2 eczenas | |
| 655 | 9 | |a popular works |2 eczenas | |
| 700 | 1 | |a Kumr, Dalibor, |d 1974- |7 xx0075868 |4 trl | |
| 710 | 2 | |a CPress (nakladatelství) |7 ko2016932359 |4 pbl | |
| 900 | |a ABA001 |b 20 | ||
| 928 | 9 | |a Albatros Media - CPress | |
| 044 | |a xr | ||
| 910 | |a RBIT002 | ||
| 998 | |d 427073 |a https://core.palmknihy.cz/api/books/427073/cover?texfc7 |b https://core.palmknihy.cz/api/books/427073/cover/400?texfc7 |c https://core.palmknihy.cz/api/books/427073/cover/50?texfc7 |e 2030-07-04 |g 64 |i 9788026459828 |k https://core.palmknihy.cz/api/books/427073/preview.pdf |l |q 49 |r 1 |s https://www.palmknihy.cz/kniha/427073 |t ebook |y 2026 |z 0 | ||
| 999 | |d 302545 | ||